| 000 | 01438cam a22004334a 4500 | ||
|---|---|---|---|
| 999 |
_c51521 _d51521 |
||
| 003 | BJBSDDR | ||
| 005 | 20230410120753.0 | ||
| 007 | ta | ||
| 008 | 080617s2006 sp a 001 0 spa | ||
| 020 | _a8493465879 | ||
| 020 | _a9788493465872 | ||
| 040 |
_bspa _cBJBSDDR |
||
| 041 | _aspa | ||
| 050 | 1 | 4 |
_aHV 6432.7 _bP536f 2006 |
| 082 | 0 | 0 | _a363.32/0973 |
| 100 | 1 |
_aPhares, Walid, _d1957- |
|
| 240 | 1 | 0 |
_aFuture Jihad. _lEspañol |
| 245 | 1 | 3 |
_aLa futura yihad : _bestrategias terroristas contra Estados Unidos / _cWalid Phares; traducción de Adolfo María Linares. |
| 260 |
_aMadrid : _bEditorial Fundación FAES, _c2006. |
||
| 300 |
_a540 p. ; _c24 cm. |
||
| 440 |
_aColección Verde ; _n5 |
||
| 500 | _aTítulo original : Future Jihad : terrorist strategies against America | ||
| 610 | 2 | 4 | _aQaida (Organization) |
| 610 | 2 | 4 | _aAl Qaeda (Organización) |
| 650 | 0 |
_aTerrorism _zUnited States. |
|
| 650 | 0 |
_aTerrorism _zIslamic countries. |
|
| 650 | 0 |
_aTerrorism _xReligious aspects _xIslam. |
|
| 650 | 0 | _aJihad. | |
| 650 | 0 | _aWar on Terrorism, 2001- | |
| 650 | 0 | _aAnti-Americanism. | |
| 650 | 4 |
_aTerrorismo _zEstados Unidos. _93683 |
|
| 650 | 4 |
_aTerrorismo _xAspectos religiosos _xIslam _94211 |
|
| 650 | 4 |
_aFundamentalismo islámico _94640 |
|
| 650 | 4 |
_aYihad _94639 |
|
| 650 | 4 |
_aTerrorismo _912868 _zPaíses islámicos |
|
| 700 | 1 |
_912869 _aLinares, Adolfo María _etraductor |
|
| 942 |
_2lcc _cBK |
||
| 946 | _aaa | ||